| 000 | 02288nam a2200301 a 4500 | ||
|---|---|---|---|
| 001 | BRCA_8767 | ||
| 005 | 20190320210411.0 | ||
| 008 | 290317s1731----sp-#######---#000-0#spa-# | ||
| 041 | _aspa | ||
| 044 | _asp | ||
| 084 |
_aBE131 _b.D65 1731 |
||
| 100 | 1 |
_aDolz del Castellar, Esteban _921832 |
|
| 245 | 1 | 0 |
_aAño virgíneo _bcuyos días son, finezas de la Gran Rina del Cielo María Santissima, Virgen, Madre del Altissimo, succedidas en aquellos mismos días, que se refieren: añadense a estas trecientos i sesenta i seis Exemplos, con otras tantas Exhortaciones Oraciones, Exercicios, i Elogios, Sacados de los Santos Padres, para quien le preciare día del año sin atributarle algún particular obsequio _csu avthor el Doct. D. Estevan Dolz Del Castellar... |
| 260 |
_aMvrcia _bEn la imprenta de Jayme Esmenier, impresor, i mercader de libros _c1731 |
||
| 300 |
_a320 p. (t.2) _c20.2 x 15 cm. |
||
| 500 | _aCon licencia del real consejo en Mvrcia | ||
| 500 | _aEn portada: Corregido, i emendado en esta sexta impresión, según el expurgatorio del año de 1707 | ||
| 500 | _aEn portada: Dedicada al Exmo. Señor Don Diego de Astorga i Céspedes. | ||
| 500 | _aEstado físico: presenta encuadernación en pergamino, con lomo semi desprendido y cintas rotas | ||
| 500 | _aCon marca de fuego: “Procedencia de la marca: Colegio Jesuita de San Francisco Xavier de la Ciudad de Querétaro (1). Institución: Provincia Mexicana de la Compañía de Jesús. Descripción: Iniciales S. Xr. Q. que se desata como S[an] X[avie]r [de] Q[uerétaro.]. Observaciones: A falta de un testimonio de pertenencia se hace la atribución de la marca en función a la realizada por David Saavedra Vega. Se espera localizar otro ejemplar que corrobore esta atribución. Ubicación de la marca en el libro: Canto superior” | ||
| 650 | 1 | 4 |
_aVirgen María _xSermones _yObras anteriores a 1800 _921833 |
| 650 | 1 | 4 |
_aCalendario litúrgico _yObras anteriores a 1800 _921834 |
| 700 | 1 |
_aEsmenier, Jayme _eImpresor _921835 |
|
| 700 | 1 |
_aAstorga i Céspedes, Diego de _cArzobispo _921836 |
|
| 856 | _ahttp://www.marcasdefuego.buap.mx:8180/xmLibris/projects/firebrand/item.jsp?repository=marcas_de_fuego&key=marcas_de_fuego_marcas_de_fuego_20151006120916_4064.xml&num=5 | ||
| 902 | _aCFM | ||
| 942 |
_2lcc _cB |
||
| 999 |
_c8418 _d8418 |
||